000 01524cab a2200457 4500
001 ABS59186
008 090401t1998 xxu||||| |||| 00| 0 eng d
035 _a(Sirsi) u88302
041 _aeng
100 _aWhite, G.
245 _aFinding flexibility in use restrictions
260 _c1998
350 _a0
490 _aProperty Week
_v63(18) 28 August 1998, 30-31(2)
520 _aConsiders use restrictions on a lease from the points of view of both the landlord and tenant. Discusses the control aspect, effect on rental and investment value, landlords consent, and premiums.
650 _aABSOLUTE COVENANTS
650 _aASSIGNMENT
650 _aAUXILIARY USES
650 _aCHANGE OF USE
650 _aCHARTERED TRUST V DAVIES
650 _aCHORLEY BC V RIBBLE MOTOR SERVICES LTD
650 _aCONTROL
650 _aCROWN ESTATE COMMISSIONERS V SIGNET GROUP
650 _aEFFECT ON VALUE
650 _aLANDLORD AND TENANT ACT 1927 S19
650 _aLANDLORDS CONSENT
650 _aLANDLORDS
650 _aNORTHERN ELECTRIC PLC V ADDISON
650 _aPLINTH PROPERTY INVESTMENTS LTD V MOTT HAY AND ANDERSON
650 _aPREMIUMS
650 _aRENT REVIEWS
650 _aROMULUS TRADING CO LTD V COMET PROPERTIES LTD
650 _aSTRUCTURAL ALTERATIONS
650 _aTENANTS
650 _aUSER RESTRICTIONS
650 _aYANKWOOD V HAVERING COUNCIL
690 _aLANDLORD AND TENANT-BUSINESS TENANCIES
700 _aVivian, J.
942 _n0
948 _c04/09/1998
999 _c55771
_d55771